Language Quiz

Random Language or Europe Quiz
Score 0/15 Timer 03:00
3 Plays Today
% Correct
Romance
94.3%
Germanic
93.7%
Turkic
93.1%
Slavic
89.2%
Finnic
87.2%
Celtic
86%
Hellenic
84.7%
Albanian
80.3%
% Correct
Basque
75.8%
Baltic
74.5%
Saami
68.2%
Ugric (Ugrian)
67.7%
Armenian
61.9%
Kartvelian
60.2%
Semitic
25.6%
Remove Ads.
Support Sporcle.
Get the best of Sporcle when you Go Orange. This ad-free experience offers more features, more stats, and more fun while also helping to support Sporcle. Thank you for becoming a member.

You're not logged in!

Compare scores with friends on all Sporcle quizzes.
OR
Log In

Show Comments

Extras

Top Quizzes Today


Score Distribution

Your Account Isn't Verified!

In order to create a playlist on Sporcle, you need to verify the email address you used during registration. Go to your Sporcle Settings to finish the process.

Report this User

Report this user for behavior that violates our Community Guidelines.

Details: